| 000 | 00591cam a22001337a 4500 | ||
|---|---|---|---|
| 008 | 180718b1959 xxu||||| |||| 00| 0 eng d | ||
| 082 | _aB835x42 Un3r/59m/16-17 | ||
| 100 | _aUnited Kingdom. Royal Commission on Local Government in Greater London | ||
| 245 | _aRoyal Commission on local government in Greater London: minutes of evidence 16-17, sixteenth day, thursday, 21st May 1959, seventeenth day, friday, 22nd May 1959 | ||
| 260 |
_aLondon _bHer Majesty's Stationery Office _c1959 |
||
| 300 | _aP554-621 | ||
| 500 | _aBound with B835x42 Un3r/59m/1-26 | ||
| 700 | _aHerbert, Edward, Chairman | ||
| 999 |
_c392855 _d392855 |
||